[Event "71st RUS-ch Higher League 2018"]
[Site "Yaroslavl"]
[Date "2018.06.26"]
[Round "1"]
[White "Predke, Alexandr"]
[Black "Fakhrutdinov, Timur"]
[Result "0-1"]
[WhiteElo "2613"]
[BlackElo "2460"]
[Annotator "ChessBase"]
[PlyCount "86"]
[EventDate "2018.06.26"]
[EventType "swiss"]
[EventCountry "RUS"]
[SourceTitle "playchess.com"]
[Source "ChessBase"]
[SourceQuality "1"]
[TimeControl "40/5400+30:1800+30"]

1. e4 {[%emt 0:00:00]} e5 {[%emt 0:00:09]} 2. Nf3 {[%emt 0:00:03]} Nc6 {[%emt 0:00:10]} 3. Bb5 {[%emt 0:00:11]} Nf6 {[%emt 0:00:12]} 4. d3 {[%emt 0:00:19]} Bc5 {[%emt 0:00:17]} 5. Bxc6 {[%emt 0:00:10]} dxc6 {[%emt 0:00:07]} 6. Nbd2 {[%emt 0:00:25]} O-O {[%emt 0:00:45]} 7. h3 {[%emt 0:00:38]} Nd7 {[%emt 0:06:06]} 8. Nf1 {[%emt 0:00:25]} Re8 {[%emt 0:03:20]} 9. g4 {[%emt 0:00:22]} Nf8 {[%emt 0:15:42]} 10. Ng3 {[%emt 0:00:17]} a5 {[%emt 0:05:54]} 11. Be3 {[%emt 0:01:34]} Bd6 {[%emt 0:10:18]} 12. Nf5 {[%emt 0:01:39]} Ne6 {[%emt 0:01:37]} 13. Qd2 {[%emt 0:03:48]} c5 {[%emt 0:02:57]} 14. Rg1 {[%emt 0:07:50]} b5 {[%emt 0:15:48]} 15. h4 {[%emt 0:05:59]} Nd4 {[%emt 0:08:00]} 16. Qd1 {[%emt 0:01:39]} Bf8 {[%emt 0:02:59]} 17. h5 {[%emt 0:02:19]} a4 {[%emt 0:09:34]} 18. N3xd4 {[%emt 0:15:42]} exd4 {[%emt 0:04:13]} 19. Bf4 {[%emt 0:02:04]} c4 {[%emt 0:01:49]} 20. Qf3 {[%emt 0:02:49]} Be6 {[%emt 0:04:27]} 21. h6 {[%emt 0:06:44]} g6 {[%emt 0:03:26]} 22. Ng7 {[%emt 0:00:38]} Bxg7 {[%emt 0:00:55]} 23. hxg7 {[%emt 0:00:04]} Qf6 {[%emt 0:01:17]} 24. Qg3 {[%emt 0:02:57]} g5 {[%emt 0:01:41]} 25. Be5 {[%emt 0:01:39]} Qg6 {[%emt 0:00:17]} 26. f4 {[%emt 0:05:29]} gxf4 {[%emt 0:00:24]} 27. Qxf4 {[%emt 0:00:04]} cxd3 {[%emt 0:00:33]} 28. cxd3 {[%emt 0:00:49]} c5 {[%emt 0:00:22]} 29. Kf2 {[%emt 0:11:47]} f6 {[%emt 0:00:39]} 30. Bxf6 {[%emt 0:00:59]} c4 {[%emt 0:00:23]} 31. g5 {[%emt 0:12:24]} cxd3 {[%emt 0:00:32]} 32. Rh1 {[%emt 0:00:26]} Bc4 {[%emt 0:01:05]} 33. e5 {[%emt 0:09:20]} Bd5 {[%emt 0:00:16]} 34. Rh6 {[%emt 0:01:00]} Qe4 {[%emt 0:00:18]} 35. Qxe4 {[%emt 0:00:07]} Bxe4 {[%emt 0:00:08]} 36. Rh4 {[%emt 0:00:04]} Bg6 {[%emt 0:01:07]} 37. Rxd4 {[%emt 0:00:33]} Rac8 {[%emt 0:00:21]} 38. Rb4 {[%emt 0:02:26]} Rc2+ {[%emt 0:00:35]} 39. Ke3 {[%emt 0:00:30]} Re2+ {[%emt 0:00:22]} 40. Kf4 {[%emt 0:00:00]} d2 {[%emt 0:00:40]} 41. Rd1 {[%emt 0:06:24]} Bc2 {[%emt 0:01:41]} 42. Rxd2 {[%emt 0:00:05]} Rxd2 {[%emt 0:00:08]} 43. Rxb5 {[%emt 0:00:02]} Bb1 {[%emt 0:06:32]} 0-1

[Event "71st RUS-ch Higher League 2018"]
[Site "Yaroslavl"]
[Date "2018.06.26"]
[Round "1"]
[White "Popov, Ivan"]
[Black "Gaifullin, Artur"]
[Result "1-0"]
[WhiteElo "2608"]
[BlackElo "2448"]
[Annotator "ChessBase"]
[PlyCount "65"]
[EventDate "2018.06.26"]
[EventType "swiss"]
[EventCountry "RUS"]
[SourceTitle "playchess.com"]
[Source "ChessBase"]
[SourceQuality "1"]
[TimeControl "40/5400+30:1800+30"]

1. e4 {[%emt 0:00:00]} c6 {[%emt 0:00:03]} 2. d4 {[%emt 0:00:01]} d5 {[%emt 0:00:03]} 3. Nd2 {[%emt 0:00:31]} dxe4 {[%emt 0:00:08]} 4. Nxe4 {[%emt 0:00:05]} Nf6 {[%emt 0:00:13]} 5. Nxf6+ {[%emt 0:00:25]} exf6 {[%emt 0:00:01]} 6. c3 {[%emt 0:00:48]} Bd6 {[%emt 0:00:05]} 7. Bd3 {[%emt 0:00:22]} O-O {[%emt 0:00:05]} 8. Qc2 {[%emt 0:02:48]} Re8+ {[%emt 0:00:05]} 9. Ne2 {[%emt 0:00:20]} h5 {[%emt 0:00:07]} 10. O-O {[%emt 0:04:18]} h4 {[%emt 0:00:14]} 11. h3 {[%emt 0:04:35]} Nd7 {[%emt 0:00:10]} 12. Be3 {[%emt 0:01:01]} Nf8 {[%emt 0:00:09]} 13. Qd2 {[%emt 0:11:49]} Ng6 {[%emt 0:09:59]} 14. Rfe1 {[%emt 0:08:54]} Bc7 {[%emt 0:01:23]} 15. Nf4 {[%emt 0:06:53]} Nf8 {[%emt 0:01:22]} 16. c4 {[%emt 0:13:16]} Ne6 {[%emt 0:35:56]} 17. d5 {[%emt 0:04:32]} Ng5 {[%emt 0:07:52]} 18. Rad1 {[%emt 0:10:41]} Bd7 {[%emt 0:19:07]} 19. Bb1 {[%emt 0:06:01]} Ne4 {[%emt 0:08:34]} 20. Bxe4 {[%emt 0:07:35]} Rxe4 {[%emt 0:00:31]} 21. d6 {[%emt 0:00:21]} Bb6 {[%emt 0:00:56]} 22. Bxb6 {[%emt 0:01:55]} Rxe1+ {[%emt 0:00:24]} 23. Rxe1 {[%emt 0:00:38]} axb6 {[%emt 0:00:08]} 24. b4 {[%emt 0:00:27]} Bf5 {[%emt 0:10:21]} 25. Re7 {[%emt 0:00:54]} Bb1 {[%emt 0:01:32]} 26. c5 {[%emt 0:04:21]} bxc5 {[%emt 0:01:25]} 27. bxc5 {[%emt 0:00:03]} Bxa2 {[%emt 0:00:30]} 28. Rxb7 {[%emt 0:00:17]} Bc4 {[%emt 0:01:34]} 29. Qd4 {[%emt 0:02:46]} Ba2 {[%emt 0:00:53]} 30. Rc7 {[%emt 0:01:34]} Bb1 {[%emt 0:01:06]} 31. Rxc6 {[%emt 0:00:29]} Bf5 {[%emt 0:00:21]} 32. Nd5 {[%emt 0:00:36]} Bh7 {[%emt 0:00:09]} 33. d7 {[%emt 0:00:56]} 1-0

[Event "71st RUS-ch Higher League 2018"]
[Site "Yaroslavl"]
[Date "2018.06.26"]
[Round "1"]
[White "Turov, Maxim"]
[Black "Vastrukhin, Oleg"]
[Result "1/2-1/2"]
[WhiteElo "2600"]
[BlackElo "2420"]
[Annotator "TA"]
[PlyCount "81"]
[EventDate "2018.06.26"]
[EventType "swiss"]
[EventCountry "RUS"]
[SourceTitle "playchess.com"]
[Source "ChessBase"]
[SourceQuality "1"]

{[%evp 22,81,35,28,31,27,37,33,56,39,36,27,20,17,109,112,106,114,119,51,44,43,68,52,50,18,50,47,50,41,41,41,41,39,48,17,17,17,17,27,48,48,48,48,87,24,39,0,0,0,0,0,0,0,2,0,0,0,0,0,0,0]} 1. Nf3 g6 2. g3 Bg7 3. d4 Nf6 4. Bg2 O-O 5. O-O d5 6. c4 c6 7. Qb3 Qb6 8. Nc3 Rd8 9. Bd2 {D78: Fianchetto Grünfeld: 6 0-0 c6} Be6 (9... Bf5 10. Qa3 e6 11. e4 Nxe4 12. Nxe4 dxe4 13. Ba5 Qa6 14. Bxd8 Qxa3 15. bxa3 exf3 16. Bxf3 Nd7 17. Bg5 Bxd4 18. Rad1 e5 19. Rfe1 Nc5 20. Bf6 Nd7 21. Rxd4 exd4 22. Bxd4 {½-½ (22) Mamedyarov,S (2808)-Vachier Lagrave,M (2789) Leuven 2018}) 10. Na4 Qxb3 11. axb3 Na6 12. Rfc1 {LiveBook: 3 Games} Ne4 13. Ba5 Rdc8 14. e3 g5 {[#]} 15. Ne1 $146 ({Predecessor:} 15. Nd2 Nxd2 16. Bxd2 g4 {1-0 (49) Rapport,R (2700)-Howell,D (2682) Caleta 2018}) 15... Nd6 {[%cal Rd5c4]} 16. Bf1 dxc4 17. bxc4 b5 (17... c5 $11) 18. cxb5 $16 cxb5 19. Nc3 Rab8 20. Nc2 ({White should try} 20. Bg2 $16) 20... Nc4 $1 $14 21. Nb4 Nxb4 $1 22. Bxb4 Nxb2 23. Bxb5 Nd3 24. Bxd3 Rxb4 25. Ne4 Rxc1+ 26. Rxc1 Bf5 27. Nc5 Bh3 28. Bf1 Bf5 29. Kg2 Rb1 30. Rc4 e6 31. Bd3 Bxd3 32. Nxd3 {[%mdl 4096] Endgame KRB-KRN} Bf8 33. Ra4 (33. Rc8 $16) 33... Rb3 $11 34. Nc5 (34. Ne5 {is more complex.} Ra3 35. Rc4 f6 36. Nd7 Be7 37. Rc7) 34... Bxc5 {The position is equal.} 35. dxc5 {KR-KR} Rc3 36. Ra5 g4 37. h3 h5 38. hxg4 hxg4 39. Kf1 e5 40. Ke2 {Threatens to win with Kd2.} e4 41. Rxa7 {Precision: White = 49%, Black = 68%.} 1/2-1/2

[Event "71st RUS-ch Higher League 2018"]
[Site "Yaroslavl"]
[Date "2018.06.26"]
[Round "1"]
[White "Potkin, Vladimir"]
[Black "Gogolev, Artem"]
[Result "1-0"]
[WhiteElo "2592"]
[BlackElo "2407"]
[Annotator "TA"]
[PlyCount "59"]
[EventDate "2018.06.26"]
[EventType "swiss"]
[EventCountry "RUS"]
[SourceTitle "playchess.com"]
[Source "ChessBase"]
[SourceQuality "1"]

{[%evp 14,59,34,24,90,84,91,85,84,80,86,42,50,0,36,32,27,38,38,-60,0,-74,-72,-100,-67,-59,-69,-75,0,0,0,-8,66,6,7,0,240,231,243,176,147,170,150,217,745,213,29986,29987]} 1. c4 Nf6 2. Nc3 e6 3. e4 {[%cal Be2e4,Be4e5][%mdl 32]} c5 4. e5 Ng8 5. Nf3 Nc6 6. d4 cxd4 7. Nxd4 Nxe5 8. Ndb5 $1 {[%cal Rb5d6] LiveBook: 209 Games. aiming for Nd6+.} Bb4 {A19: English Opening: Flohr-Mikenas System with 3...c5} (8... f6 $11 {remains equal.}) (8... a6 9. Nd6+ Bxd6 10. Qxd6 f6 11. Be3 Ne7 12. Bb6 Nf5 13. Qb4 Nc6 14. Qc5 d6 15. Bxd8 dxc5 16. Bb6 e5 17. O-O-O Ncd4 18. Bxc5 Bd7 19. Bd3 {½-½ (30) Giri,A (2767)-Dubov,D (2648) Novi Sad 2016}) 9. Bf4 f6 10. Bxe5 fxe5 {White is better.} 11. Qh5+ Kf8 {Black wants to play ...a6.} 12. O-O-O $146 ({Predecessor:} 12. a3 Bxc3+ 13. Nxc3 d6 14. O-O-O Qe7 15. Qf3+ {1-0 (53) Morley,P (2178)-Gunkel,W (2300) ICCF email 2010}) 12... Qf6 13. Nc7 {[%csl Gc7][%cal Rh5e8]} g6 14. Qe2 $1 Bxc3 15. bxc3 Rb8 16. g3 {[#]} (16. Qd3 $14) 16... e4 (16... b5 $1 $15 {[%mdl 512]} 17. Nxb5 (17. cxb5 Bb7) 17... Bb7) 17. Nb5 (17. Qxe4 $11 {keeps the balance.} Qxc3+ 18. Kb1) 17... a6 $17 18. Nd4 Qg5+ 19. Kb2 Nf6 20. Bg2 {[%cal Bf1g2,Bg2e4,Be4f3,Bf3g4,Bg4h5][%mdl 32]} d5 (20... b5 $17 {next ...bxc4+ is good for Black.} 21. cxb5 axb5) 21. f4 $11 Qh5 $1 22. Qe3 Bd7 (22... Kg7 $11) 23. h3 (23. cxd5 $14 exd5 24. h3) 23... dxc4 24. Bxe4 {Black must now prevent Bf3.} Kf7 $2 (24... Qa5 $11) 25. f5 $1 $18 exf5 ({Much weaker is} 25... gxf5 $6 26. g4 $1 $16 {[%mdl 512]}) 26. Bf3 $36 {[%mdl 2048] White is really pushing.} f4 27. Qxf4 ({Stronger than} 27. gxf4 Qh4 $11) 27... Qc5 {[#]} 28. Bg4 $1 {[%mdl 1024] White has strong compensation.} g5 $2 (28... Bxg4 29. hxg4 g5) 29. Qf3 $2 (29. Bh5+ Kg8 30. Qxb8+ Kg7 31. Qxb7) 29... Bc6 $2 (29... Bxg4 $18 30. hxg4 Qd5) 30. Bh5+ $1 {Precision: White = 46%, Black = 37%.} 1-0

[Event "71st RUS-ch Higher League 2018"]
[Site "Yaroslavl"]
[Date "2018.06.26"]
[Round "1"]
[White "Oparin, Grigoriy"]
[Black "Zakaryan, David"]
[Result "1-0"]
[WhiteElo "2587"]
[BlackElo "2387"]
[Annotator "TA"]
[PlyCount "79"]
[EventDate "2018.06.26"]
[EventType "swiss"]
[EventCountry "RUS"]
[SourceTitle "playchess.com"]
[Source "ChessBase"]
[SourceQuality "1"]

{[%evp 28,79,110,119,150,154,154,154,158,156,181,148,228,235,263,261,257,264,273,265,260,270,263,272,262,268,263,233,268,209,209,209,204,208,210,198,229,225,288,265,260,238,269,258,334,285,373,377,433,419,425,415,416,418]} 1. Nf3 Nf6 2. c4 c5 3. Nc3 Nc6 4. d4 cxd4 5. Nxd4 g6 6. g3 Bg7 7. Bg2 O-O 8. O-O d6 9. Nxc6 bxc6 10. Bxc6 Bh3 11. Bxa8 Qxa8 12. f3 {E65: Königsindisch (Jugoslawische Variante)} Bxf1 13. Kxf1 Rc8 14. Qd3 Qc6 15. Be3 {LiveBook: 3 Partien} Qa6 $146 ({Vorgänger:} 15... Qxc4 16. Qxc4 Rxc4 17. Bxa7 Nd7 18. Nd1 Rc2 19. Rb1 Nc5 {1-0 (32) Harikrishna,P (2733)-Hambleton,A (2446) Edmonton 2015}) 16. Rc1 Nd7 17. b3 Bxc3 18. Qxc3 Qa3 19. Rd1 a5 (19... Nc5 $16 {kämpft weiter.} 20. Qc2 Ne6) 20. Bc1 $18 Qb4 {[#]} 21. Qe3 $1 {[%cal Re3e7]} Kf8 22. Qh6+ Kg8 23. Bb2 {[%csl Gb2][%cal Rh6g7]} f6 24. Qh3 Qb7 25. Qe6+ Kf8 26. Bc1 {[#] Und Txd6! würde nun gewinnen.} g5 27. Qf5 Kg7 28. Qxa5 Ra8 29. Qd2 g4 30. Kg2 Ne5 {[%cal Rg4f3]} 31. Rf1 Kf7 32. Qc2 Ke6 33. Bf4 Ng6 34. Be3 Ra3 35. c5 {zielt auf c6 ab.} Ne5 {beabsichtigt ...Da8.} 36. Bd4 {Droht stark Lxe5.} gxf3+ 37. exf3 Qa8 38. Bxe5 fxe5 39. Rf2 dxc5 40. Re2 {Precision: Weiß = 91%, Schwarz = 54%.} 1-0

[Event "71st RUS-ch Higher League 2018"]
[Site "Yaroslavl"]
[Date "2018.06.26"]
[Round "1"]
[White "Volkov, Sergey"]
[Black "Bykov, Egor"]
[Result "1-0"]
[WhiteElo "2580"]
[BlackElo "2373"]
[Annotator "TA"]
[PlyCount "77"]
[EventDate "2018.06.26"]
[EventType "swiss"]
[EventCountry "RUS"]
[SourceTitle "playchess.com"]
[Source "ChessBase"]
[SourceQuality "1"]

{[%evp 23,77,0,17,14,45,44,49,54,77,83,88,81,78,87,94,84,185,189,196,158,179,160,230,229,230,230,236,238,229,216,252,244,266,266,266,266,266,266,332,268,273,257,250,262,334,325,365,354,598,585,686,690,628,688,684,685]} 1. d4 Nf6 2. c4 e6 3. Nc3 Bb4 4. f3 d5 5. a3 Bxc3+ 6. bxc3 c5 7. cxd5 Nxd5 8. dxc5 Qa5 9. e4 Nf6 10. Be3 O-O {E25: Nimzoindisch (Sämisch-Variante)} 11. Kf2 (11. Qd2 Nfd7 12. c4 Nc6 13. Qxa5 Nxa5 14. Rd1 b6 15. cxb6 axb6 16. Kf2 Nc5 17. Rb1 Ba6 18. Rxb6 Rfc8 19. Rb4 Bxc4 20. Bxc4 Nxc4 21. Bxc5 {½-½ (21) Bologan,V (2610)-Korobov,A (2678) Poikovsky 2018}) 11... Nfd7 12. Rb1 a6 {LiveBook: 6 Partien. Die Stellung ist ausgeglichen.} 13. Ne2 Nxc5 $146 ({Vorgänger:} 13... Rd8 14. Qd6 Nc6 15. Nd4 Nde5 16. Nxc6 Nxc6 17. Qg3 Qxa3 18. Be2 Qxc3 {1-0 (42) Terekhov,A (2413)-Bendana Guerrero,G (2440) ICCF email 2014}) 14. Qd6 Nbd7 15. Ng3 b6 ({Viel schwächer wäre} 15... Qxa3 $6 16. Be2 $16) 16. Be2 Bb7 17. Rxb6 Qxb6 18. Qxb6 Nxb6 19. Bxc5 Rfc8 (19... Na4 $16 {war angesagt.} 20. Bxf8 Kxf8) 20. Bxb6 $18 {zielt auf c4 ab.} Rxc3 21. a4 a5 22. Ra1 Bc6 (22... Rc2 $16 {kämpft weiter.} 23. Kg1 h6) 23. Bd4 Rc2 24. Ke3 {Und Kd3 würde nun gewinnen.} Rd8 25. Ra3 Be8 26. f4 h5 27. h4 ({Viel schwächer ist} 27. Bxh5 $6 Rxg2 28. Nf1 Rc2 $18) 27... g6 28. Bf6 Rb8 29. Bc3 Rc8 30. Bd2 ({Bloß nicht} 30. Bxa5 $6 Ra8 $18) 30... R2c5 31. Bd3 f5 32. Ne2 fxe4 33. Bxe4 Rc4 34. Nc3 Bc6 35. Bd3 Rb4 $2 {[#]} (35... Bxg2 {ist eine bessere Verteidigung.} 36. Bxc4 Rxc4) 36. Nb5 {Weiß steht klar auf Gewinn.} Rb2 37. Na7 Rc7 38. Nxc6 Rxc6 39. g3 {Precision: Weiß = 98%, Schwarz = 45%.} 1-0

[Event "71st RUS-ch Higher League 2018"]
[Site "Yaroslavl"]
[Date "2018.06.26"]
[Round "1"]
[White "Goganov, Aleksey"]
[Black "Matlakov, Maxim"]
[Result "1/2-1/2"]
[WhiteElo "2576"]
[BlackElo "2699"]
[Annotator "TA"]
[PlyCount "97"]
[EventDate "2018.06.26"]
[EventType "swiss"]
[EventCountry "RUS"]
[SourceTitle "playchess.com"]
[Source "ChessBase"]
[SourceQuality "1"]

{[%evp 22,97,18,25,29,19,22,27,20,25,24,9,45,47,52,69,67,58,58,58,67,77,71,65,72,16,8,12,21,0,0,0,-8,-42,0,0,0,-123,-109,-131,-137,-170,-156,-178,-160,-163,-110,-90,-93,-203,-201,-183,-209,-192,-58,-57,-60,-68,-67,-122,-131,-160,-87,-173,-71,-57,-8,-8,-8,-8,-8,-20,0,0,0,-60,0,0]} 1. e4 e5 2. Nf3 Nc6 3. Nc3 Nf6 4. Bb5 Bb4 5. O-O O-O 6. d3 Bxc3 7. bxc3 d6 8. Bg5 Bd7 9. Nd2 h6 10. Bh4 g5 {C49: Four Knights: 4 Bb5 Bb4} 11. Bg3 Ne7 12. Bxd7 {LiveBook: 5 Games} Nxd7 {White has an edge.} (12... Qxd7 13. Nc4 Qe6 14. Ne3 Nd7 15. c4 f5 16. Nd5 Nxd5 17. cxd5 Qf7 18. f3 {0-1 (50) Maze,S (2613)-Kollars,D (2500) chess.com INT 2017}) 13. d4 f5 $146 ({Predecessor:} 13... f6 14. Nc4 Nb6 15. Ne3 Qe8 16. h4 Qf7 17. Qe2 c5 18. a4 cxd4 19. cxd4 {1-0 (52) Leite,C (2196)-Gonzalez de la Nava,A (2311) Lisbon 2003}) 14. exf5 exd4 15. cxd4 Nxf5 16. Qf3 Rf7 17. Qxb7 Nxd4 18. Qe4 Nf5 19. Rae1 Qc8 20. f4 Nf6 21. Qd3 {fxg5 is the strong threat.} g4 22. Bf2 Qd7 23. Bd4 (23. Re2 $16) 23... Nxd4 $11 24. Qxd4 Qb5 25. Kh1 Qd5 $36 {[%mdl 2048] White is under pressure.} 26. Qf2 Qxa2 27. Nb3 a5 28. Ra1 Qb2 29. Nxa5 {[#]} (29. Qd2 $1 $11 {remains equal.} Ne4 30. Qe2) 29... Qc3 $1 $17 30. Nb3 Rxa1 31. Nxa1 Nd5 32. g3 Re7 33. Nb3 Re3 ({Better is} 33... Qc4 $19 34. Rc1 Nc3) 34. Rd1 Nf6 {Threatens to win with ...Ne4.} 35. Nd2 (35. Qd2 $17) 35... Qxc2 $19 36. Qxe3 Qxd1+ 37. Kg2 Kf7 ({Black should try} 37... Qc2 $19 38. Kf1 Kf7 39. Qb3+ Qxb3 40. Nxb3 c5) 38. f5 $15 Qa1 $1 39. Qxh6 Qd4 40. Qg6+ {[#]} (40. Qg5 $15) 40... Ke7 $1 $17 41. Qg7+ Ke8 (41... Kd8 $142 42. Qg5 c5) 42. Qg5 (42. Nf1 $17) 42... Qd5+ (42... Kd7 $19 {and Black stays clearly on top.} 43. Nf1 Ne4) 43. Kg1 Kf7 44. Qg6+ Ke7 45. Qg7+ Qf7 46. Qg5 Qd5 47. Qg7+ Qf7 48. Qg5 Qd5 (48... Kd7 $15) 49. Qg7+ {Precision: White = 53%, Black = 54%.} 1/2-1/2

[Event "71st RUS-ch Higher League 2018"]
[Site "Yaroslavl"]
[Date "2018.06.26"]
[Round "1"]
[White "Shaposhnikov, Evgeny"]
[Black "Najer, Evgeniy"]
[Result "0-1"]
[WhiteElo "2572"]
[BlackElo "2668"]
[Annotator "TA"]
[PlyCount "64"]
[EventDate "2018.06.26"]
[EventType "swiss"]
[EventCountry "RUS"]
[SourceTitle "playchess.com"]
[Source "ChessBase"]
[SourceQuality "1"]

{[%evp 17,64,0,0,0,0,0,2,0,0,0,0,8,7,-34,-18,-19,-16,-50,-36,-39,-39,-38,-47,-32,-27,-43,-40,-39,-8,-47,-34,-27,-44,-73,-58,-257,-243,-234,-255,-217,-231,-588,-579,-933,-920,-934,-920,-4997,-3131]} 1. Nf3 d5 2. d4 Nf6 3. c4 e6 4. e3 b6 5. Nc3 Bd6 6. b3 O-O 7. Bb2 Bb7 8. Bd3 Nbd7 9. O-O Re8 {LiveBook: 14 Games. E14: Queen's Indian: Classical Variation (4 e3)} (9... a6 10. Rc1 Qe7 11. cxd5 exd5 12. Ne2 Ne4 13. Qc2 Rac8 14. Ng3 g6 15. Qe2 h5 16. Ne5 Nxe5 17. dxe5 Bxe5 18. Bxe5 Qxe5 19. Nxe4 dxe4 20. Bxa6 Bxa6 21. Qxa6 {½-½ (57) Harikrishna,P (2732)-Navara,D (2727) Prague 2018}) 10. Rc1 dxc4 11. bxc4 a6 {The position is equal.} 12. e4 $146 ({Predecessor:} 12. Nd2 c5 13. f4 cxd4 14. exd4 Qc7 15. g3 Rad8 16. Nf3 Bc5 17. Na4 Bc6 18. Be2 {0-1 (57) Garcia Rodriguez,I (2216)-Rutkus,R (2184) ICCF email 2015}) 12... e5 {White should prevent ...exd4.} 13. d5 c6 14. Nd2 Nc5 15. Be2 cxd5 16. cxd5 b5 17. a3 Bc8 18. Qc2 Bd7 19. Nb3 Nb7 20. Qd3 Qe7 21. Ra1 Rec8 22. Rfc1 h5 {[%cal Bh7h5,Bh5h4,Bh4h3,Bh3g2][%mdl 32]} 23. Nd1 h4 24. Rxc8+ Rxc8 25. Ne3 h3 26. Nf5 $2 {[#]} (26. g3 $15) 26... Bxf5 $1 $19 27. exf5 hxg2 28. a4 e4 29. Qh3 $2 (29. Qd2 {nothing else works.}) 29... Rc2 {Black is clearly winning.} 30. axb5 Rxb2 31. bxa6 {[#]} Rxb3 $1 32. Qxb3 Qe5 $1 {[%csl LRa1,LRd5,LRf5,LRh2] Precision: White = 46%, Black = 79%.} 0-1

[Event "71st RUS-ch Higher League 2018"]
[Site "Yaroslavl"]
[Date "2018.06.26"]
[Round "1"]
[White "Vavulin, Maksim"]
[Black "Motylev, Alexander"]
[Result "0-1"]
[WhiteElo "2552"]
[BlackElo "2659"]
[Annotator "TA"]
[PlyCount "64"]
[EventDate "2018.06.26"]
[EventType "swiss"]
[EventCountry "RUS"]
[SourceTitle "playchess.com"]
[Source "ChessBase"]
[SourceQuality "1"]

{[%evp 9,64,-39,-37,-44,-32,-38,-31,-45,-42,-77,-74,-75,-71,-114,-7,-46,-47,-79,-75,-127,-87,-123,-108,-116,-120,-113,-118,-187,-182,-194,-167,-183,-185,-196,-170,-217,-238,-222,-202,-225,-223,-188,-190,-279,-279,-266,-281,-497,-488,-970,-965,-965,-965,-2410,-2395,-29997,-29998]} 1. e4 c5 2. Nf3 Nc6 3. g3 Nf6 (3... g6 4. Bg2 Bg7 5. O-O d6 6. c3 e5 7. d3 Nge7 8. a3 O-O 9. b4 h6 10. Nbd2 Be6 11. Nb3 c4 12. dxc4 Bxc4 13. Re1 Qc7 14. Nfd2 Be6 15. a4 a5 16. b5 Nb8 17. Ba3 Nd7 18. Nf1 Nc5 19. Nxc5 dxc5 {½-½ (40) Amin,B (2652)-Safarli,E (2660) Tromsoe 2013}) 4. d3 d5 5. e5 Nd7 {LiveBook: 6 Games} 6. Bf4 {B30: Sicilian: 2...Nc6 3 Bb5, lines without ...g6} g6 $146 ({Predecessor:} 6... Nb6 7. Bg2 Bg4 8. h3 Bxf3 9. Qxf3 e6 10. h4 Be7 11. Nd2 Qc7 {1-0 (44) Amin,B (2400)-El Taher,F (2456) Dubai 2005}) 7. c3 Bg7 {[%cal Rd7e5]} 8. d4 {Black is slightly better.} O-O 9. h4 cxd4 10. cxd4 f6 $1 $36 {[%cal Rf6e5][%mdl 2048] Black has strong initiative.} 11. e6 {[#]} Nb6 (11... Nde5 $1 $17 {[%cal Re5f3][%mdl 512] White must now prevent ...Nxf3+.} 12. dxe5 fxe5) 12. Bh3 f5 13. h5 Bxe6 14. Ng5 (14. Nc3 $142) 14... Qc8 15. Nc3 h6 16. hxg6 hxg5 17. Bxg5 Nxd4 18. Qh5 {[#]} (18. O-O $17) 18... Rf6 $1 $19 19. Bxf6 Bxf6 20. O-O {[#]} Kg7 $1 21. Qh7+ Kf8 22. Rad1 Bg8 23. Qh5 e6 24. g4 Nf3+ 25. Kg2 d4 {Threatens to win with ...Qc6.} 26. Kxf3 (26. Ne2 $142 Qc6 27. gxf5 exf5 28. Nf4 (28. Qxf3 $2 Bd5 $19) 28... Nd2+ 29. Kg1 Nxf1 30. Rxf1) 26... dxc3 27. bxc3 Nd5 ({Don't take} 27... Qxc3+ 28. Kg2 $17) 28. Rd3 $2 (28. Qh6+ {was worth a try.} Bg7 29. Qc1 fxg4+ 30. Bxg4 Qxc3+ 31. Kg2) 28... Qc4 29. Rfd1 (29. Rxd5 $142 Qxd5+ 30. Kg3) 29... Qe4+ 30. Kg3 Be5+ 31. Kh4 Qf4 {( -> ...Bf6+)} 32. Bg2 Qxf2+ {Precision: White = 19%, Black = 80%.} 0-1